| 000 | 01069nam a2200229Ia 4500 | ||
|---|---|---|---|
| 001 | 10495 | ||
| 003 | GE_BSU | ||
| 008 | 181216s||||||||xx |||||||||||||| ||und|| | ||
| 020 | _a9789992895269 | ||
| 040 | _cGE_BSU | ||
| 080 | _a821.353.1–3+821.353.1-31 | ||
| 100 | _aჯავახიშვილი,მიხეილ | ||
| 245 | _aქართული პროზა წ.22. მიხეილ ჯავახიშვილი:ჯაყოს ხიზნები,თეთრი საყელო,გივი შადური | ||
| 245 | _cშემდგ.რედ.ჯ.ღვინჯილია,ვ.ჯავახაძე.რედ.ნ.აბესაძე.ქ.ქვინტრაძე.თ.შარიფაშვილი | ||
| 260 | _aთბილისი | ||
| 260 | _bნაკადული | ||
| 260 | _c1995 | ||
| 300 | _a608გვ.20სმ. | ||
| 653 | _aქართული პროზა | ||
| 653 | _aჯაყოს ხიზნები,თეთრი საყელო,გივი შადური | ||
| 942 | _cBK | ||
| 999 |
_c43750 _d43750 |
||